000 01310nam a2200397 c 4500
001 22340
003 ES-MaCES
005 20150724120051.0
008 090812s2009 sp t 000 | spa d
017 _aB 4903-2009
_bDL
020 _a9788496758858
020 _a9788496758278
035 _aCES20090008222m
040 _aES-MaCES
_bspa
_cES-MaCES
245 0 0 _aContratación temporal y medidas de fomento de empleo
_cJosé Ignacio García Ninet (director) ; Arántzazu Vicente Palacio (coordinadora)
260 _aBarcelona
_bAtelier
_c[2009]
300 _a328 p.
_c24 cm
490 1 _aAtelier laboral
541 _cCompra
650 4 _aempleo temporal
_929000
650 4 _atrabajador temporal
_929204
650 4 _acontratación
_928323
650 4 _acontrato de trabajo
_928316
650 4 _acondiciones de trabajo
_928327
650 4 _acondiciones de empleo
_930040
650 4 _afomento del empleo
_930270
650 4 _aEspaña
_926964
653 1 0 _aRelaciones laborales-Empleo
650 4 _928300
_apolítica de empleo
700 1 _aGarcía Ninet, José Ignacio
_edir.
_913001
700 1 _aVicente Palacio, María Arántzazu
_ecol.
_925798
830 0 _aAtelier laboral
_934123
902 _aLIB Libro
942 _2CES
_cBK
_h2.0.
999 _c22340
_d22340